Państwa na Literę A - Statystyki

Ogólne statystyki
  • Ten quiz został rozwiązany 31 razy
  • Średni wynik to 10 z 12
Statystyki odpowiedzi
Państwo Kontynent % Poprawnych
Angola Angola
94%
Andora Europa
90%
Argentyna A. Południowa
90%
Australia Oceania
90%
Armenia Azja
87%
Austria Europa
87%
Albania Europa
77%
Azerbejdżan Azja
74%
Arabia Saudyjska Azja
71%
Antigua i Barbuda A. Północna
68%
Afganistan Azja
65%
Algieria Afryka
65%
Nie znaleziono quizów pasujących do podanych kryteriów
Rozkład punktacji
Procent ludzi z każdym wynikiem
Percentyl według liczby udzielonych odpowiedzi
Twoja historia wyników
Nie rozwiązałeś tego quizu